[Event "Saint Affrique op 13th"]
[Site "Saint Affrique"]
[Date "2005.07.24"]
[Round "3"]
[White "Mietlicki, Richard"]
[Black "Kosten, Anthony C"]
[Result "0-1"]
[WhiteElo "2136"]
[BlackElo "2522"]
[PlyCount "116"]
[EventDate "2005.07.23"]
[EventType "swiss"]
[EventRounds "9"]
[EventCountry "FRA"]
[SourceTitle "CBM 107 Extra"]
[Source "ChessBase"]
[SourceDate "2005.09.01"]
[SourceVersion "1"]
[SourceVersionDate "2005.09.01"]
[SourceQuality "1"]

1. Nf3 c5 2. g3 Nc6 3. d4 cxd4 4. Nxd4 g6 5. Bg2 Bg7 6. Nb3 Nf6 7. 0-0 0-0 8. c4 d6 9. Nc3 Be6 10. Nd5 Rc8 11. Bg5 Ne5 12. Bxf6 exf6 13. Nd4 Bd7 14. b3 f5 15. Rc1 a6 16. Qd2 h5 17. Rfd1 Re8 18. e3 h4 19. Qb4 hxg3 20. hxg3 Bc6 21. Nxc6 bxc6 22. Nf4 Bf8 23. Qa4 Qb6 24. Ne2 Ng4 25. Rd3 Bh6 26. c5 dxc5 27. Rd6 Rxe3 28. Qc4 Re7 29. Rxg6+ Kf8 30. Rxh6 Nxh6 31. Qh4 Ng8 32. Nf4 Rce8 33. Qg5 Re1+ 34. Rxe1 Rxe1+ 35. Kh2 c4 36. Qxf5 cxb3 37. axb3 Qd4 38. Qc8+ Re8 39. Qxc6 Nf6 40. Qxa6 Ng4+ 41. Kh3 Nxf2+ 42. Kh2 Qh8+ 43. Kg1 Ng4 44. Ng6+ fxg6 45. Qd6+ Kg7 46. Qd7+ Kh6 47. Qxg4 Qa1+ 48. Bf1 Rf8 49. Qh3+ Kg7 50. Qd7+ Rf7 51. Qd3 Qa7+ 52. Kh1 Qf2 53. Bg2 Kh6 54. Qe4 Qxg3 55. Qe8 Qh4+ 56. Kg1 Qd4+ 57. Kh2 Rf5 58. Qe7 Qf2 0-1